000 00768nam a22002777a 4500
001 BR7000422
003 BR-BrBNA
005 20240711125953.0
008 230509b bl.||||| |||| 00| 0 por d
040 _aBR-BrBNA
_bpor
041 _a(Por)
072 _aC00; A00
_b/G514
090 _aC00
_bBR7000422
100 1 _aVieira, Clibas.
110 1 _aConselho Nacional de Pesquisas
_92694
245 1 _aII Seminário internacional de administração de pesquisa agropecuária /
260 3 _aRio de Janeiro, GB (Brasil):
_c1970.
300 _a11 p.
650 _aEducacao
650 _aAgricultura
650 _aEnsino superior
650 _aPesquisa agricola
909 _a07/2024
_bSARAH
942 _cBK
999 _c14323
_d14323